Dodawanie (poziom Łatwy). - Statystyki

Ogólne statystyki
  • Ten quiz został rozwiązany 303 razy
  • Średni wynik to 10 z 10
Statystyki odpowiedzi
Działanie Odpowiedź % Poprawnych
2+2 4
100%
12+19 31
98%
16+38 54
98%
71+13 84
98%
50+53 103
96%
23+65 88
96%
132+18 150
95%
333+333 666
95%
678+22 700
94%
7504+296 7800
89%
Nie znaleziono quizów pasujących do podanych kryteriów
Rozkład punktacji
Procent ludzi z każdym wynikiem
Percentyl według liczby udzielonych odpowiedzi
Twoja historia wyników
Nie rozwiązałeś tego quizu